| 000 | 00539nam a22001697a 4500 | ||
|---|---|---|---|
| 003 | PILC | ||
| 005 | 20250211093208.0 | ||
| 008 | 150605b xxu||||| |||| 00| 0 eng d | ||
| 050 |
_aT 58.5 _b.P348 2009 |
||
| 100 | _aPaz, Karl T. | ||
| 245 |
_aThe label tracking system for temic automotive, inc. / _cKarl T. Paz. |
||
| 260 |
_aLas PiƱas City : _bSISC, _c2009. |
||
| 300 |
_avi, 57 pages : _billustrations ; _c28 cm. |
||
| 500 | _aIncludes bibliographical references and indexes. | ||
| 650 | _aManagement system. | ||
| 942 |
_2lcc _cTH _kLOC |
||
| 999 |
_c284743 _d284743 |
||